000
00325nam a22001457a 4500
008
210427b ||||| |||| 00| 0 eng d
020
_a
9781323872482
041
_a
eng
080
_a
336
082
_a
336
100
_a
56
101
_a
FIN
245
_a
FIN 343 Principles of Finance
_c
Sheridan Titman
942
_2
udc
_c
BK
999
_c
56860
_d
56860